000 00641nam a22002537a 4500
003 UA-OsUOA
001 26438
007 ta
008 20040602b un ||||| |||| 00| 0 ukr d
100 _aЩёлкин К.И.
090 _a539.1
_bЩ11
942 _cBK
040 _aUA-OsUOA
_brus
_cUA-OsUOA
_dUA-OsUOA
245 _aФизика микромира
_bПопулярные очерки
300 _a245 с.
_bІлюстрації
955 _a0
041 _arus
080 _a539.1
260 _aМосква
_bАтомиздат
_c1968
044 _aRU
250 _n3-е изд., доп.
650 7 _2UDC
999 _c312761
_d312761